000 00330nam a2200121Ia 4500
008 240731s9999 xx 000 0 und d
022 _a1943-4480
245 0 _aBehavioral Sciences of Terrorism and Political Aggression
260 _bRoutledge
856 _uhttps://www.tandfonline.com/loi/rirt20
942 _2ddc
942 _cTFEJ
999 _c75594
_d75594
945 _a1
_bMadushi Gamage
_c1
_dMadushi Gamage